Statistics for Countries with the lowest percentage of internet users

Click here to take the quiz!

General Stats

  • This quiz has been taken 20 times
  • The average score is 11 of 16

Answer Stats

Internet Users (2021)% of country's
polpulation
Country% Correct
968,5005.6%Chad
90%
7,011,5077.3%Democratic Republic of the Congo
90%
455,0557.8%Congo
85%
2,194,9858.7%Niger
85%
294,8511.7%Somalia
80%
202,2043.7%Central African Republic
75%
66,4021.8%Eritrea
70%
2,505,9488.7%Madagascar
70%
1,003,5429.3%South Sudan
70%
607,3114.8%Burundi
65%
4,068,19410.1%Afghanistan
55%
73,1483.5%Guinea-Bissau
55%
377,6077.3%Liberia
50%
924,9559.3%Papua New Guinea
45%
69,0208.4%Comoros
40%
37,2577.0%Micronesia
25%

Score Distribution

Percentile by Number Answered

Percent of People with Each Score

Your Score History

You have not taken this quiz